De quel film vient se méchant ? - Statistiques

Statistiques générales
  • Ce quiz a été pris 87 fois
  • Le résultat moyen est 10 sur 20
Statistiques - réponses
Par images Réponse % Correct
ça
99%
chucky
92%
scream
92%
la nonne
78%
anabelle
76%
saw
73%
shining
63%
vendredi 13
60%
freddy
59%
halloween
54%
smile
50%
l'exorciste
47%
terrifier
44%
us
29%
happy birthdead
27%
la purge
23%
esther
19%
action ou verité
17%
the boy
14%
la dame blanche
5%
Aucun quiz correspondant
Distribution des résultats
% des personnes avec chaque résultat
Percentile par nombre de réponses
Votre historique - résultats
Vous n’avez pas pris ce quiz